|
|
|
|
| LEADER |
00000nam a2200000 a 4500 |
| 001 |
vtls001074149 |
| 003 |
SK-MaSNL |
| 005 |
20260301111038.0 |
| 008 |
250414s1993 xo 0 ukr |
| 015 |
|
|
|a SNBA1994/02
|
| 020 |
|
|
|a 8008021438
|
| 035 |
|
|
|a SNK000016981
|
| 040 |
|
|
|a SNK
|b slo
|c SNK
|e AACR2
|
| 041 |
0 |
|
|a ukr
|
| 044 |
|
|
|a xo
|c SK
|
| 080 |
|
|
|a 372.48(075.2)=83
|2 1981
|
| 100 |
1 |
|
|a Stanko, Ján
|4 aut
|9 8242
|
| 245 |
1 |
0 |
|a Krajeznavstvo dlja 3. klasu osnovnych škil
|c Ján Stanko, Anna Stanková, Jiřina Hušková ; Perekl. Jurij Kundrat ; Iljustr. Táňa Žitňanová
|
| 246 |
1 |
0 |
|a Vlastiveda pre 3. ročník základnej školy s vyučovacím jazykom ukrajinským
|
| 250 |
|
|
|a 1. vyd.
|
| 260 |
|
|
|a Bratislava
|b Slovenské pedagogické nakladateľstvo
|c 1993
|e Banská Bystrica
|f Tlačiarne BB, spol. s r.o.
|
| 300 |
|
|
|a 80 s.
|b Fotogr.
|c 24 cm
|
| 500 |
|
|
|a Schválilo MŠ a vedy SR
|
| 500 |
|
|
|a Ilustr. na tit. liste a front.
|
| 500 |
|
|
|a Aut. fotogr.: kol.
|
| 655 |
|
7 |
|a učebnice
|2 SNK
|9 22521
|
| 700 |
1 |
|
|a Stanková, Anna
|4 aut
|9 46948
|
| 700 |
1 |
|
|a Hušková, Jiřina
|4 aut
|9 44424
|
| 700 |
1 |
|
|a Kundrát, Juraj,
|d 1935-2018
|4 trl
|9 174295
|
| 700 |
1 |
|
|a Žitňanová, Tatiana,
|d 1956-
|4 ill
|9 86022
|
| 852 |
|
|
|a Slovenská národná knižnica
|
| 919 |
|
|
|a 80-08-02143-8
|
| 954 |
|
|
|a vlastiveda
|
| 958 |
|
|
|a TL
|
| 958 |
|
|
|a OP
|
| 958 |
|
|
|a NS
|
| 958 |
|
|
|a UX
|
| 968 |
|
|
|b SLO
|d Perekl. iz slov. oryh.
|
| 999 |
|
|
|c 705239
|d 707169
|
| 952 |
|
|
|t P60, <04>, [BOOK], {604}
|a SNK
|b SNK
|y VYP
|7 0
|p 17A0252790
|o snkSC 85097 D1
|i snkKSP 1189/94
|0 0
|1 0
|4 0
|d 2000-10-02
|l 0
|r 2004-12-31 00:00:00
|w 2026-02-23
|
| 952 |
|
|
|a SNK
|b SNK
|y PREZ
|7 0
|p 17A0996418
|o snkSC 85097
|0 0
|1 0
|4 0
|d 2012-08-15
|l 0
|r 2025-08-27 00:00:00
|w 2026-02-23
|